The Tipping Point: How Little Things Can Make a Big Difference / (Record no. 617161)

000 -LEADER
fixed length control field 00414nam a22001457a 4500
020 ## - INTERNATIONAL STANDARD BOOK NUMBER
Qualifying information PB.
040 ## - CATALOGING SOURCE
Transcribing agency FIZZA ISHAQ
082 ## - DEWEY DECIMAL CLASSIFICATION NUMBER
Classification number 302
Author Mark GLA
100 ## - MAIN ENTRY--PERSONAL NAME
Personal name Gladwell, Malcolm.
9 (RLIN) 14256
245 ## - TITLE STATEMENT
Title The Tipping Point: How Little Things Can Make a Big Difference /
Statement of responsibility, etc. Malcolm Gladwell.
250 ## - EDITION STATEMENT
Edition statement 1st ed.
260 ## - PUBLICATION, DISTRIBUTION, ETC.
Place of publication, distribution, etc. Boston :
Name of publisher, distributor, etc. Little, Brown,
Date of publication, distribution, etc. 2000.
300 ## - PHYSICAL DESCRIPTION
Extent 301 P. ;
Dimensions 7.7 x 5.2 inches,
942 ## - ADDED ENTRY ELEMENTS (KOHA)
Source of classification or shelving scheme
Koha item type Book
Holdings
Withdrawn status Lost status Source of classification or shelving scheme Damaged status Not for loan Permanent Location Current Location Shelving location Date acquired Total Checkouts Full call number Barcode Date last seen Price effective from Koha item type
          NUST Baluchistan Campus (NBC) NUST Baluchistan Campus (NBC) General Stacks 04/17/2026   302 GLA QD-1001 04/17/2026 04/17/2026 Book
© 2023 Central Library, National University of Sciences and Technology. All Rights Reserved.